000 00544nam a2200193Ia 4500
999 _c6521
_d6521
003 OSt
005 20200116112754.0
008 190216s9999||||xx |||||||||||||| ||und||
020 _a8127210269
040 _coclc
082 _a658.15
_bGUP/F
100 _a Gupta, Shashi K
_91007
245 0 _aFinancial Management /
_c Shashi K Gupta
250 _a2nd ed.
260 _bKalyani Publications,
_c2003.
_aNew Delhi:
300 _a688p
650 _xFinancial Management
942 _cBK
_2ddc
_h658.15
_iGUP/F
_k658.15
_mGUP/F